000
00335nam a2200133 4500
999
_c
9596
_d
9596
003
OSt
005
20210705115712.0
008
210705b ||||| |||| 00| 0 eng d
020
_a
9783869223285
082
_a
629.450947
_b
GLU
100
_a
Glushko, A. V.
245
_a
Design for space : Soviet and Russian mission patches
942
_2
ddc